Protocolo diagnóstico de las poliglobulias (Registro nro. 20913)

000 -Cabecera
Campo de control interno 01412nam a2200241 4500
001 - Número de control
control field ESSALUD
007 - Tipo material - Descripcion fisica - info general
Tipo material - Descripcion fisica - info general ta
008 - Elementos de Longitud Fija - Información General
Elementos de Longitud Fija - Información t2024 sp ||||| |||| 00| 0 spa d
040 ## - Origen de la Catalogación
Origen de la Catalogación BMG
041 ## - Idioma
Idioma spa
100 ## - Autor
Autor Medina de Alba, L.
Rol del Autor autor
9 (RLIN) 48332
245 ## - Titulo
Titulo Protocolo diagnóstico de las poliglobulias
300 ## - Páginas
Paginación páginas 1266-1269
520 ## - Resumen
Resumen La poliglobulia o eritrocitosis es el aumento de hemoglobina o masa eritrocitaria. Se considera aumento presentar más de 16,5g/dl de hemoglobina en varones y más de 16g/dl en mujeres. La eritropoyetina producida a nivel renal es la encargada de regular la eritropoyesis. La policitemia vera es la eritrocitosis primaria o independiente de eritropoyetina más destacada; las eritrocitosis secundarias o dependientes de eritropoyetina son debidas a múltiples causas. El diagnóstico etiológico de la poliglobulia es fundamental para el tratamiento y seguimiento de estos pacientes.
650 ## - Temas - Descriptores
Temas - Descriptores POLICITEMIA
9 (RLIN) 40258
650 ## - Temas - Descriptores
Temas - Descriptores ERITROPOYETINA
9 (RLIN) 48333
653 ## - Palabras claves
Palabras claves POLIGLOBULIA
700 ## - Autor Personal
Autor Personal Carreño Gómez-Tarragona, G.
Rol del autor autor
9 (RLIN) 48334
700 ## - Autor Personal
Autor Personal Mas Babío, R.
Rol del autor autor
9 (RLIN) 48335
700 ## - Autor Personal
Autor Personal Martínez López, J.
Rol del autor autor
9 (RLIN) 40284
773 0# - Revista (Relacion con el numero)
Host Biblionumber 15325
Host Itemnumber 21712
Ciudad, Editorial Barcelona Elsevier
Codigo barras item/ejemplar MED136
Titulo de la Revista Medicine: Programa sistemático de actualización en medicina y protocolos de práctica clínica
Número de control de registro (ESSALUD)ESSALUD
ISSN 0304-5412
942 ## - Elementos de Koha
Tipo de Documento Artículos
Fecha procesamiento 2024-12-13
Catalogador AFC

No hay ítems disponibles.